[Event "XIII Figueira da Foz Open 2019"]
[Site "Figueira da Foz"]
[Date "2019.11.03"]
[Round "9.19"]
[White "Moes Joaquim, Carlos"]
[Black "Babo, Miguel"]
[Result "0-1"]
[WhiteElo "1400"]
[BlackElo "1827"]
[Annotator "NA"]
[PlyCount "90"]
[EventDate "2019.10.27"]
[EventType "swiss"]
[EventCountry "POR"]
[SourceTitle "playchess.com"]
[Source "ChessBase"]
[SourceQuality "1"]
[TimeControl "40/5400+30:1800+30"]

1. d4 b6 2. c4 Nf6 3. Nc3 Bb7 4. Bf4 e6 5. e3 d5 {[%emt 0:19:10]} 6. Nf3 {[%emt 0:08:32]} Nbd7 {[%emt 0:00:27]} 7. h3 {[%emt 0:00:37]} Be7 {[%emt 0:00:30]} 8. Nb5 {[%emt 0:05:20]} O-O {[%emt 0:02:10]} 9. Bxc7 {[%emt 0:00:25]} Bb4+ {[%emt 0:00:30]} 10. Nd2 {[%emt 0:00:30]} Qc8 {[%emt 0:00:30]} 11. Bd6 {[%emt 0:00:30]} Bxd6 {[%emt 0:00:30]} 12. Nxd6 {[%emt 0:00:30]} Qb8 {[%emt 0:00:30]} 13. Nxb7 {[%emt 0:00:30]} Qxb7 {[%emt 0:00:30]} 14. cxd5 {[%emt 0:00:30]} Nxd5 {[%emt 0:00:30]} 15. Be2 {[%emt 0:00:30]} Rac8 {[%emt 0:05:02]} 16. O-O Nb4 {[%emt 0:02:05]} 17. a3 Nd5 {[%emt 0:00:30]} 18. Qa4 Nb8 {[%emt 0:00:30]} 19. Ne4 Qe7 {[%emt 0:00:30]} 20. Rac1 Rc7 {[%emt 0:00:30]} 21. Rxc7 Qxc7 {[%emt 0:00:30]} 22. Qb3 Rc8 {[%emt 0:00:30]} 23. Bd3 h6 {[%emt 0:00:30]} 24. Bb1 g6 {[%emt 0:00:30]} 25. g3 Kg7 {[%emt 0:00:30]} 26. Nd2 Nd7 {[%emt 0:00:30]} 27. e4 N5f6 {[%emt 0:00:30]} 28. e5 {[%emt 0:10:02]} Ne8 {[%emt 0:26:29]} 29. h4 {[%emt 0:47:12]} h5 {[%emt 0:05:08]} 30. Qe3 {[%emt 0:07:15]} Qc6 {[%emt 0:00:53]} 31. Be4 {[%emt 0:01:23]} Qb5 {[%emt 0:01:10]} 32. b4 {[%emt 0:00:17]} a5 {[%emt 0:00:30]} 33. bxa5 {[%emt 0:01:14]} Qxa5 {[%emt 0:01:59]} 34. Rb1 {[%emt 0:03:21]} Rc3 {[%emt 0:09:25]} 35. Qg5 Rc7 36. g4 {[%emt 0:08:53]} hxg4 {[%emt 0:04:27]} 37. h5 {[%emt 0:00:11]} Nf8 {[%emt 0:00:17]} 38. h6+ {[%emt 0:00:32]} Kh7 {[%emt 0:01:01]} 39. Nf1 {[%emt 0:02:20]} f6 {[%emt 0:00:30]} 40. Qh4 {[%emt 0:00:30]} f5 {[%emt 0:00:30]} 41. Bg2 {[%emt 0:30:30]} Qxa3 {[%emt 0:09:54]} 42. Rxb6 {[%emt 0:00:00]} Qa7 {[%emt 0:06:13]} 43. Rb4 {[%emt 0:00:00]} Rf7 {[%emt 0:00:30]} 44. Qd8 {[%emt 0:00:00]} Qe7 {[%emt 0:05:29]} 45. Qb8 {[%emt 0:00:00]} Kxh6 {[%emt 0:05:19]} 0-1